Album M.I.L.S 4- Ninho - Statistiques

Statistiques générales
  • Ce quiz a été pris 85 fois
  • Le résultat moyen est 12 sur 16
Statistiques - réponses
Hint Réponse % Correct
ninho, tiakola Les diamants de Bokassa
86%
ninho Lettre à un fils
85%
ninho, freeze corleone Dictionnaires
83%
ninho Pilier
83%
nihno +971
82%
ninho, GAULOIS, Kaneki R9
82%
ninho N.W.A
80%
ninho Intro - La Pression
77%
ninho Nwar
77%
ninho Wallet
75%
ninho King von
74%
ninho Au 33éme
72%
ninho Des piges
71%
ninho Les mains dedans
65%
ninho J'ai pas changé
63%
ninho Résine
57%
Aucun quiz correspondant
Distribution des résultats
% des personnes avec chaque résultat
Percentile par nombre de réponses
Votre historique - résultats
Vous n’avez pas pris ce quiz